| 000 | 00355 a2200157 4500 | ||
|---|---|---|---|
| 001 | 75109 | ||
| 020 | _a9788576711612 | ||
| 040 | _cAnchieta - Colégio São Paulo | ||
| 100 | _aSerrano, Martha | ||
| 240 | 1 | 0 |
_aSonhos de Sinhazinha _lpor |
| 245 | 1 | 0 | _aSonhos de Sinhazinha |
| 300 | _a55 | ||
| 362 | 0 | _a2013 | |
| 650 | 4 | _aLiteratura juvenil | |
| 942 | _cBK | ||
| 999 |
_c75109 _d75109 |
||